KOHA-Header-6

Problem Solving and Programming Concepts (Record no. 13865)

000 -LEADER
fixed length control field 00323nam a22001337a 4500
020 ## - INTERNATIONAL STANDARD BOOK NUMBER
ISBN 978-0132492645
082 ## - DEWEY DECIMAL CLASSIFICATION NUMBER
Classification number 005.1
100 ## - MAIN ENTRY--AUTHOR NAME
Personal name Maureen Sprankle & Jim Hubbard
245 ## - TITLE STATEMENT
Title Problem Solving and Programming Concepts
250 ## - EDITION STATEMENT
Edition statement 9th Edition
260 ## - PUBLICATION, DISTRIBUTION, ETC. (IMPRINT)
Place of publication Boston
Name of publisher Pearson
Year of publication 2012
300 ## - PHYSICAL DESCRIPTION
Number of Pages 528 pages
942 ## - ADDED ENTRY ELEMENTS (KOHA)
Koha item type Books
Holdings
Withdrawn status Lost status Collection code Permanent Location Current Location Shelving location Date acquired Full call number Accession Number Koha item type
    Computer Languages MAJU MAJU Shelf No.A32 2024-01-02 005.1 10962 Books

Powered by Koha